Tras los pasos de Marco Polo : (Registro nro. 42169)
[ vista simple ]
| 000 -CABECERA | |
|---|---|
| campo de control de longitud fija | 00693nam a2200193 a 4500 |
| 001 - NÚMERO DE CONTROL | |
| campo de control | 000042680 |
| 005 - FECHA Y HORA DE LA ÚLTIMA TRANSACCIÓN | |
| campo de control | 20201002040325.0 |
| 008 - DATOS DE LONGITUD FIJA--INFORMACIÓN GENERAL | |
| campo de control de longitud fija | 140206s1998 sp a 000 0 spa d |
| 020 ## - NÚMERO INTERNACIONAL ESTÁNDAR DEL LIBRO | |
| Número Internacional Estándar del Libro | 8440680376 |
| 040 ## - FUENTE DE LA CATALOGACIÓN | |
| Centro catalogador/agencia de origen | DO-SdBNP |
| Lengua de catalogación | spa |
| Centro/agencia transcriptor | BNPHU |
| 100 1# - ENTRADA PRINCIPAL--NOMBRE DE PERSONA | |
| Nombre de persona | Darrymple, William |
| 9 (RLIN) | 69977 |
| 240 10 - TÍTULO UNIFORME | |
| Título uniforme | In Xanadu. A quest |
| 245 10 - MENCIÓN DE TÍTULO | |
| Título | Tras los pasos de Marco Polo : |
| Resto del título | a través de Asia, en busca del palacio de Kublai Kan / |
| Mención de responsabilidad, etc. | William Dalrymple; traducción, María Faidella Martí. |
| 260 ## - PUBLICACIÓN, DISTRIBUCIÓN, ETC. | |
| Lugar de publicación, distribución, etc. | Barcelona, : |
| Nombre del editor, distribuidor, etc. | Ediciones B, |
| Fecha de publicación, distribución, etc. | 1998. |
| 300 ## - DESCRIPCIÓN FÍSICA | |
| Extensión | 343 p. ; |
| Dimensiones | 19 cm. |
| 490 1# - MENCIÓN DE SERIE | |
| Mención de serie | Biblioteca Grandes Viajeros |
| 700 1# - PUNTO DE ACCESO ADICIONAL--NOMBRE DE PERSONA | |
| Nombre de persona | Faidella Martí, María |
| Término indicativo de función/relación | trad. |
| 9 (RLIN) | 69978 |
| 830 #0 - PUNTO DE ACCESO ADICIONAL DE SERIE-TÍTULO UNIFORME | |
| Título uniforme | Biblioteca Grandes Viajeros |
| 9 (RLIN) | 69748 |
| Estado de retiro | Estado de pérdida | Restricciones de uso | No para préstamo | Código de colección | Localización permanente | Ubicación/localización actual | Ubicación en estantería | Fecha de adquisición | Número de inventario | Total de préstamos | Signatura topográfica completa | Código de barras | Fecha visto por última vez | Precio válido a partir de | Tipo de ítem Koha | Número de copia |
|---|---|---|---|---|---|---|---|---|---|---|---|---|---|---|---|---|
| Excluido de préstamo | Monografías: Libros y Folletos | General | General | En catalogación | 05.02.2014 | LF1 | 42680-10 | 25.06.2020 | 25.06.2020 | No se presta | ||||||
| Excluido de préstamo | Monografías: Libros y Folletos | General | General | En catalogación | 05.02.2014 | LF1 | 42680-20 | 25.06.2020 | 25.06.2020 | No se presta | e. 2 |
